00780nac a22002171u 4500010001400000082001800014090001500032100003400047245006700081260005500148300002400203490006700227500001600294500003500310504002100345650002300366700003100389942002100420999001500441952010600456 a003455946 a621.381bSp23 c3053d3053 aSPANGENBERG, Karl Rudo  aFundamentals of Electron Devices /bKarl Rudolph. SPANGENBERG. a New York: c.1957.bMcGraw-Hill Book Co,cc.1957. a 505p:bill;c25cm. a( [McGraw-Hill Electrical and Electronic Engineering Series.]) aDonations . aDonations - Dr. Mostafa Gouda. aIncluding Index. aelectron devices . aSPANGENBERG, Karl Rudolph. cBBk621.381 Sp23 c3053d3053 00104070aMAINbMAINc1STd2007-03-19ePurchasel0o621.381 SPAp000001111r2025-07-15 00:00:00yBB